000 00663cam a22002293a 4500
001 11559
003 PGUSA
005 20140828083238.0
008 040301s2004||||xxu|||||s|||||000 | eng d
040 _aPGUSA
_beng
042 _adc
050 4 _aDG
100 1 _aSymonds, John Addington,
_d1840-1893
245 1 0 _aRenaissance in Italy, Volume 3 :
_bThe Fine Arts
_h[electronic resource] /
_cJohn Addington Symonds
260 _bProject Gutenberg,
_c2004
506 _aPublic domain in the USA.
516 _aElectronic text
653 _aArt, Italian
830 0 _aProject Gutenberg
_v11559
856 4 0 _uhttp://www.gutenberg.org/ebooks/11559
942 _cEB
999 _c240814
_d240814